00424cam a2200157ua 4500001000400000008003900004040000900043082001200052245005500064250000900119260003800128300002000166653002300186653003500209700002200244961110425n ii |||gr||||Z||||||eng cMAIN a320.9541 aAshamar prasashan aru rajniti.cBy Purandar Gogoi. a1st. aGowahati.:bJyoti prakashan.,991. a303 p.:c23 cm. apolitical science. aAshamar prasashan aru rajniti.1 aGogoi, Purandar.,